01551nam a22002537a 4500003000400000005001700004008004100021040002200062082001400084100002600098245006100124260006400185300002100249490001000270505033900280505019900619505013900818505004200957505009000999650004101089650004401130650004501174650007801219OSt20230823141306.0221006b |||||||| |||| 00| 0 eng d cBiblioteca Lado V a700bJ88r aJoya, Olgaedirectora aRevista Arte & Cultura/ bCentro de Arte y Cultura UNAH/ c2015bUniversidad Nacional Autónoma de HondurasaHonduras c21.5x30cma147p. a1vII tARTE, CULTURA Y SOCIEDADaRUMBO 5 DE LA POSMODERNIDAD Y LAS ARTES VISUALES EN HONDURAS A TRAVÉS DE LAS BIENALES TALLER DE LA MERCED: UNA MIRADA DESDE LA CONTRACULTURA ARTÍSTICA EL ESTADO ACTUAL DE LA EDUCACIÓN FORMAL EN ARTES PLÁSTICAS EN HONDURAS, ESCUELA NACIONAL DE BELLAS ARTES EDUCACIÓN ARTÍSTICA EN LAS ESCUELAS tHISTORIA, IDENTIDAD Y MEMORIAaRAÚL AGÜERO VEGA: RESCATANDO LA MEMORIA VISUAL DEL SIGLO XX LOS NUEVOS PARADIGMAS DEL ARTE AUDIOVISUAL MERCADOS Y CULTURA POPULAR ESCUELA DE ARTES Y OFICIOS tPATRIMONIO CULTURALaEL MUNICIPIO REPUBLICANO EN HONDURAS, EL CASO DE COMAYAGÜELA COMAYAGÜELA EN LOS TIEMPOS DE LA ORQUESTA VERDI tActualidad del Teatro Centroamericano tLa formación de artistas profesionales en la universidad de San Carlos de Guatemala 2Tesauro de Arte & ArquitecturaaARTE 2Tesauro de Arte & ArquitecturaaCULTURA 2Tesauro de Arte & ArquitecturaaSOCIEDAD 2Tesauro de Arte & ArquitecturaaUNIVERSIDAD NACIONAL AUTONOMA DE HONDURAS